000 00423nam a2200181Ia 4500
001 13437
005 20260306164801.0
008 260306t2014||||xx |||||||||||||| ||spa||
041 _aESP
082 _a004.16
_bB82 2014
100 _aBrey, Barry B.
_eAUT
245 0 _aIntel microprocessors
260 _c2014
300 _aii, 928 páginas :
_c27 cm.
650 _aGEN
654 _aCHU
942 _cLIB
_dJUS
_fJUS
_2ddc
_n
999 _c13437
_d13437